=LDR 00000nam 2200000 4500 =001 INLIS000000000026678 =005 20130612125115 =008 ***********************************ind** =035 ##$$0010-061300000026678 =041 ##$$a ind =082 ##$$a 028.5 =090 ##$$a 028.5, RAH k =100 ##$$a Rahimsyah, M.B =245 ##$$a Kisah Nabi Yunus, M.B. Rahimsyah =250 ##$$a Seri kisah teladan 25 Nabi dan Rasul =260 ##$$a [200?] $b Surabaya =300 ##$$a 16 hlm., ilus., 23 cm =650 ##$$a Bacaan Anak-anak =850 ##$$a NBPNMAT